التقديم والتأخير في الحديث النبوي : دراسة بلاغية في صحيح البخاري /
Saved in:
| Main Author: | |
|---|---|
| Other Authors: | |
| Format: | Unknown |
| Language: | Arabic |
| Published: |
al-Shariqah :
Jami'at al-Shariqah,
2007
|
| Subjects: | |
| Tags: |
Add Tag
No Tags, Be the first to tag this record!
|
| LEADER | 014850000a22002890004500 | ||
|---|---|---|---|
| 008 | 131202s2007 ts f 000 0 ara d | ||
| 040 | |a UIAM |b eng | ||
| 041 | |a ara | ||
| 050 | 0 | |a BP135.3 | |
| 100 | 1 | |a معيني، عايدة إبراهيم محمد | |
| 242 | 1 | 3 | |a al-Taqdim wa-al-ta'khir fi al-hadith al-nabawi : |b dirasah balaghiyah fi Sahih al-Bukhari |
| 245 | 1 | 2 | |a التقديم والتأخير في الحديث النبوي : |b دراسة بلاغية في صحيح البخاري / |c إعداد، عايدة إبراهيم محمد معيني |
| 260 | |a al-Shariqah : |b Jami'at al-Shariqah, |c 2007 | ||
| 300 | |a 204 leaves ; |c 30 cm. | ||
| 504 | |a Includes bibliographical references (leaves 193-204). | ||
| 596 | |a 1 | ||
| 600 | 1 | 0 | |a Bukhari, Muhammad ibn Isma'il, |d 810-870. |t Jami' al-sahih |
| 650 | 0 | |a Hadith |x Language, style | |
| 650 | 0 | |a Arabic language |x Rhetoric | |
| 655 | |a Theses, Facsimile edition (Islamic) | ||
| 700 | 1 | |a Mu'ini, 'Ayidah Ibrahim Muhammad | |
| 710 | 2 | |a Jami'at al-Shariqah. |b Kulliyat al-Adab wa al-'Ulum. Qism al-Lughah al-'Arabiyah wa Adabiha | |
| 710 | 2 | |a جامعة الشارقة. |b كلية الأداب والعلوم. قسم اللغة العربية وادابها | |
| 900 | |a arf-sar | ||
| 999 | |c 438344 |c 438344 |d 470269 |d 470269 | ||
| 999 | |c 438344 |c 438344 |d 470269 |d 470269 | ||
| 952 | |0 0 |6 TI BP 000135.3 M953T 2007 |7 0 |8 THESES |9 758414 |a IIUM |b IIUM |c MULTIMEDIA |g 330.00 |o ti BP 135.3 M953T 2007 |p 00011275924 |r 2017-10-23 |t 1 |v 330.00 |y THESIS | ||
